000 00397nam a22001817a 4500
003 OSt
005 20220114134453.0
008 220114b |||||||| |||| 00| 0 eng d
020 _a9788131500385
040 _cHU
082 _a536.2
100 _aKreith Frank
_928029
245 _aPrincipals Of Heat Transfer
250 _a6ed
260 _aUK
_bUK
300 _f699
942 _2ddc
_cBOOKS
_n0
999 _c27083
_d27083